University Home | Library Home | Institutional Repository

Budget innovations in developing countries. (Record no. 152880)

MARC details
000 -LEADER
fixed length control field 00616cam3a220021700 4500
001 - CONTROL NUMBER
control field zam00002854
008 - FIXED-LENGTH DATA ELEMENTS--GENERAL INFORMATION
fixed length control field 951128s1973 xx eng u
035 ## - SYSTEM CONTROL NUMBER
System control number (Sirsi) r88023
035 ## - SYSTEM CONTROL NUMBER
System control number (MACHINE)SLC.
100 ## - MAIN ENTRY--PERSONAL NAME
Personal name Beyer, J. C.
Linkage A47603.1
245 10 - TITLE STATEMENT
Title Budget innovations in developing countries.
260 ## - PUBLICATION, DISTRIBUTION, ETC.
Date of publication, distribution, etc. 1973.
591 ## -
-- Class code: PA 351.
591 ## -
-- Course: Public finance administration.
591 ## -
-- School: S05.
591 ## -
-- Lecturer: Dr. MPHAISHA, C.J.J.
591 ## -
-- Number of Students: 68.
949 ## - LOCAL PROCESSING INFORMATION (OCLC)
a HJ2169.N15
w lcc
m MAIN
t BOOK
l ON-SHELF
909 ## -
-- Book

No items available.

© 2026 - The University of Zambia Library - Koha v25.11